| 000 | 00531nam a2200181Ia 4500 | ||
|---|---|---|---|
| 003 | OSt | ||
| 005 | 20260305114715.0 | ||
| 008 | 190216s9999||||xx |||||||||||||| ||und|| | ||
| 020 | _a9788122608618 | ||
| 040 | _coclc | ||
| 082 |
_a894.812301 _bNAI/V |
||
| 100 | 1 |
_aVāsudēvan Nāyar, Eṃ. Ti., _d1933- _99426 |
|
| 245 | 0 |
_aVarikkuzhi / _cM T Vasudevan Nair |
|
| 260 |
_bCurrent Books, _c2009. _aThrissur: |
||
| 300 | _a78p | ||
| 650 | _aMalayalam | ||
| 942 |
_cBK _2ddc _h894.812301 _iNAI/V _k894.812301 _mNAI/V |
||
| 999 |
_c29742 _d29742 |
||